Statistiques concernant La cigale et la fourmi (La Fontaine)

Cliquez ici pour prendre le quiz!

Statistiques générales

  • Ce quiz a été pris 1 118 fois
  • Le résultat moyen est 12 sur 21

Statistiques - réponses

HintRéponse% Correct
Se trouva fort ___________dépourvue
90%
Elle alla crier ___________famine
87%
Quand la ______ fut venue.bise
85%
La ________ ayant chanté tout l'____Cigale été
82%
Eh bien __________ maintenant. "dansez
75%
Chez la __________ sa ___________ ,Fourmi voisine
75%
- Vous chantiez ? J'en suis fort ______.aise
74%
Je chantais, ne vous ____________ .déplaise
68%
Jusqu'à la __________ nouvelle.saison
67%
La priant de lui __________prêter
65%
Pas un seul petit __________morceau
60%
La __________ n'est pas ___________ ;Fourmi prêteuse
57%
Intérêt et ___________."principal
51%
Avant l'oût, foi d'__________,animal
50%
C'est là son ___________ défaut.moindre
50%
"Que faisiez-vous au temps ________ ?chaud
46%
Dit-elle à cette _____________ .emprunteuse
36%
Quelques __________ pour ___________grains subsister
34%
"Je vous __________, lui dit-elle,paierai
34%
De _________ ou de ___________ .mouche vermisseau
25%
- ________ et _________ à tout venantNuit jour
20%

Distribution des résultats

Percentile par nombre de réponses

% des personnes avec chaque résultat

Votre développement - résultats

Vous n’avez pas pris ce quiz